000 00524nam a22001937a 4500
003 LK-CoDNM
005 20250103130432.0
008 250102b |||||||| |||| 00| 0 eng d
040 _aLK-CoDNM
_dLK-CoDNM
_eLK-CoDNM
041 _aeng
080 _a4
_bB4
100 _aFrancis Day, F.L.S. & F.Z.S.
245 _aThe fauna of British India, including Ceylon and Burma
_bVol.1
260 _c1889
_aLondon
_bTaylor & Francis
300 _bxviii, 548p. : ill ; 24 cm
650 _aScience
650 _a1889
942 _cBK
999 _c234807
_d234807